书目信息 |
| 题名: |
全球视域下的国际理解教育
|
|
| 作者: | 李晓 , 王一玲 主编 | |
| 分册: | ||
| 出版信息: | 武汉 武汉大学出版社 2017 |
|
| 页数: | 240页 | |
| 开本: | 26cm | |
| 丛书名: | ||
| 单 册: | ||
| 中图分类: | G51-53 | |
| 科图分类: | ||
| 主题词: | 国际教育--文集 | |
| 电子资源: | ||
| ISBN: | 978-7-307-19769-5 | |
| 000 | 01030nam0 2200241 450 | |
| 001 | 1709 | |
| 005 | 20180522140851.01 | |
| 010 | @a978-7-307-19769-5@dCNY38.00 | |
| 100 | @a20180217d2017 em y0chiy50 ea | |
| 101 | 0 | @achi |
| 102 | @aCN@b420000 | |
| 105 | @ay z 000yy | |
| 200 | 1 | @a全球视域下的国际理解教育@9quan qiu shi yu xia de guo ji li jie jiao yu@dEducation for international understanding@f李晓,王一玲主编@zeng |
| 210 | @a武汉@c武汉大学出版社@d2017 | |
| 215 | @a240页@d26cm | |
| 330 | @a全书收集和整理了20多篇论文。内容涉及中国与全世界、国际政治与安全、对外交流与合作、对外教育的延伸和探讨等几个方面。本书的目的是增进不同文化背景的,不同种族的,不同地区、国家人们之间相互了解和相互宽容的合作,以便更好地认识和解决存在的问题,不断深化教学结构,推动对外交流。 | |
| 510 | 1 | @aEducation for international understanding@zeng |
| 606 | 0 | @a国际教育@j文集 |
| 690 | @aG51-53@v5 | |
| 701 | 0 | @a李晓@9li xiao@4主编 |
| 701 | 0 | @a王一玲@9wang yi ling@4主编 |
| 801 | 0 | @aCN@b91MARC@c20180217 |
| 905 | @aMuseLib@dG51-53@e90 | |
| 全球视域下的国际理解教育=Education for international understanding/李晓,王一玲主编.-武汉:武汉大学出版社,2017 |
| 240页;26cm |
| ISBN 978-7-307-19769-5:CNY38.00 |
| 全书收集和整理了20多篇论文。内容涉及中国与全世界、国际政治与安全、对外交流与合作、对外教育的延伸和探讨等几个方面。本书的目的是增进不同文化背景的,不同种族的,不同地区、国家人们之间相互了解和相互宽容的合作,以便更好地认识和解决存在的问题,不断深化教学结构,推动对外交流。 |
| ● |
| 相关链接 |
|
|
|
|
正题名:全球视域下的国际理解教育
索取号:G51-53/90
 
预约/预借
| 序号 | 登录号 | 条形码 | 馆藏地/架位号 | 状态 | 备注 |
| 1 | 1106133 | 211061330 | 第一样本阅览室/ [索取号:G51-53/90] | 在馆 | |
| 2 | 1106134 | 211061349 | 教育系资料室/ [索取号:G51-53/90] | 在馆 | |
| 3 | 1106135 | 211061358 | 教育系资料室/ [索取号:G51-53/90] | 在馆 | |
| 4 | 1106136 | 211061367 | 教育系资料室/ [索取号:G51-53/90] | 在馆 | |
| 5 | 1106137 | 211061376 | 第四借阅区/ [索取号:G51-53/90] | 在馆 | |
| 6 | 1106138 | 211061385 | 第四借阅区/ [索取号:G51-53/90] | 在馆 |